[Event "GBR-ch 91st"]
[Site "Scarborough"]
[Date "2004.08.05"]
[Round "4.21"]
[White "Radovanovic, Jovica"]
[Black "Sowray, Peter J"]
[Result "1/2-1/2"]
[WhiteElo "2189"]
[BlackElo "2349"]
[PlyCount "192"]
[EventDate "2004.08.02"]
[EventType "swiss"]
[EventRounds "11"]
[EventCountry "GBR"]

1. e4 Nf6 2. e5 Nd5 3. d4 d6 4. Nf3 dxe5 5. Nxe5 c6 6. Bc4 Nd7 7. Nxd7 Bxd7 8.
Qf3 Be6 9. O-O g6 10. Nd2 Bg7 11. c3 O-O 12. Re1 Nc7 13. Bf1 Bd5 14. Qg3 b5 15.
Ne4 Ne6 16. Qh4 Bxe4 17. Qxe4 Qd6 18. g3 Rfe8 19. Bh3 Nf8 20. Bg2 Rac8 21. Bf4
Qd8 22. Be5 Bxe5 23. Qxe5 Nd7 24. Qg5 Nb6 25. h4 e6 26. Qg4 Qf6 27. Qg5 Kg7 28.
Re5 Nd7 29. Re2 c5 30. Rd2 Nb6 31. Qxf6+ Kxf6 32. dxc5 Rxc5 33. Rad1 Nc4 34.
Rc2 Rec8 35. Rd7 R5c7 36. Rxc7 Rxc7 37. Kf1 h6 38. Ke2 g5 39. hxg5+ hxg5 40. b3
Ne5 41. Ke3 Ke7 42. Ke4 Kd6 43. f4 gxf4 44. gxf4 Ng6 45. Ke3 f5 46. Bf1 a6 47.
Rd2+ Ke7 48. c4 b4 49. a3 Rb7 50. Ra2 a5 51. Be2 Kd7 52. axb4 Rxb4 53. Bd1 e5
54. fxe5 Nxe5 55. Rxa5 Nxc4+ 56. bxc4 Rxc4 57. Rxf5 Kd6 58. Bf3 Ra4 59. Be4 Ra1
60. Bd3 Ra4 61. Bc2 Rc4 62. Be4 Rc1 63. Kd4 Rd1+ 64. Bd3 Ke6 65. Rf2 Ke7 66.
Rg2 Kd6 67. Rg6+ Ke7 68. Ra6 Kd7 69. Ke4 Kc7 70. Bc4 Rd6 71. Ra1 Rd2 72. Bd5
Kd6 73. Ra6+ Ke7 74. Ke5 Re2+ 75. Be4 Re1 76. Ra7+ Ke8 77. Kf5 Kd8 78. Ke5 Ke8
79. Rh7 Re2 80. Kd5 Kf8 81. Ra7 Re1 82. Ra8+ Ke7 83. Ke5 Re2 84. Ra7+ Ke8 85.
Kf5 Kd8 86. Bd5 Re7 87. Ra6 Re1 88. Ra7 Re7 89. Ra8+ Kd7 90. Be6+ Kd6 91. Rd8+
Kc5 92. Ke5 Rh7 93. Rc8+ Kb4 94. Bd5 Rh5+ 95. Kd4 Rh4+ 96. Be4 Rg4 1/2-1/2

[Event "GBR-ch 91st"]
[Site "Scarborough"]
[Date "2004.08.05"]
[Round "4.23"]
[White "Nixon, Thomas"]
[Black "Martyn, Rafe"]
[Result "0-1"]
[WhiteElo "2198"]
[BlackElo "2322"]
[PlyCount "58"]
[EventDate "2004.08.02"]
[EventType "swiss"]
[EventRounds "11"]
[EventCountry "GBR"]

1. d4 e6 2. c4 b6 3. Nc3 Bb4 4. Qb3 c5 5. a3 cxd4 6. axb4 dxc3 7. bxc3 Bb7 8.
Nf3 d6 9. g3 Nf6 10. Bg2 O-O 11. O-O Qc7 12. c5 dxc5 13. bxc5 bxc5 14. Bf4 Qc8
15. Bd6 c4 16. Qa3 Re8 17. Rfb1 Nbd7 18. Rxb7 Qxb7 19. Nd2 Qb5 20. Rb1 Qf5 21.
e4 Qh5 22. Nxc4 Ng4 23. h3 Nge5 24. Nxe5 Nxe5 25. f4 Nc4 26. Qa6 Nxd6 27. e5
Rad8 28. exd6 Qc5+ 29. Kh2 Rxd6 0-1

[Event "GBR-ch 91st"]
[Site "Scarborough"]
[Date "2004.08.05"]
[Round "4.24"]
[White "Lee, Graham D"]
[Black "Gregory, Stephen J"]
[Result "1-0"]
[WhiteElo "2316"]
[BlackElo "2180"]
[PlyCount "109"]
[EventDate "2004.08.02"]
[EventType "swiss"]
[EventRounds "11"]
[EventCountry "GBR"]

1. e4 d5 2. exd5 Qxd5 3. Nf3 Nf6 4. d4 Bg4 5. Be2 e6 6. h3 Bh5 7. O-O Nc6 8. c4
Qd8 9. Qb3 Bxf3 10. Bxf3 Nxd4 11. Qxb7 Rb8 12. Bc6+ Nxc6 13. Qxc6+ Qd7 14.
Qxd7+ Kxd7 15. b3 Bc5 16. Bb2 Ne4 17. Nc3 Nxc3 18. Bxc3 f6 19. Rad1+ Kc6 20.
Rfe1 e5 21. Rd5 Rhd8 22. Red1 Rd6 23. b4 Bxb4 24. Rb1 a5 25. Rxd6+ Kxd6 26. a3
Kc5 27. axb4+ axb4 28. Be1 Kxc4 29. Rc1+ Kd3 30. Rxc7 b3 31. Bc3 b2 32. Bxb2
Rxb2 33. Rxg7 Ke2 34. Rf7 Rb6 35. f3 h5 36. h4 Ke3 37. Kh2 Kf2 38. Rh7 Kf1 39.
Kh3 Rb2 40. Rxh5 Rxg2 41. Rf5 Kf2 42. h5 Rg8 43. Rxf6 Ke3 44. Kh4 e4 45. fxe4
Kxe4 46. h6 Ke5 47. h7 Rh8 48. Rf7 Ke6 49. Ra7 Kf6 50. Kh5 Rb8 51. Kh6 Rc8 52.
Ra1 Kf7 53. Rf1+ Ke7 54. Kg7 Rc2 55. Re1+ 1-0

[Event "GBR-ch 91st"]
[Site "Scarborough"]
[Date "2004.08.05"]
[Round "4.25"]
[White "Mycroft, Richard"]
[Black "Bigg, Andrew J"]
[Result "0-1"]
[WhiteElo "2110"]
[BlackElo "2275"]
[PlyCount "92"]
[EventDate "2004.08.02"]
[EventType "swiss"]
[EventRounds "11"]
[EventCountry "GBR"]

1. e4 e6 2. d4 d5 3. Nc3 Bb4 4. e5 c5 5. a3 Bxc3+ 6. bxc3 Ne7 7. Qg4 O-O 8. Nf3
Nbc6 9. Bd3 f5 10. Qh3 Qa5 11. Bd2 Qa4 12. O-O cxd4 13. cxd4 Nxd4 14. Nxd4 Qxd4
15. Bb4 Rf7 16. Bb5 Qxe5 17. Be8 Rf8 18. Bxe7 Rxe8 19. Rfe1 Qc7 20. Bb4 e5 21.
f4 a5 22. Bc3 Qc5+ 23. Qe3 Qxe3+ 24. Rxe3 e4 25. Rb1 Ra6 26. Rb5 Rd6 27. Be5
Rc6 28. c3 b6 29. Rxd5 Be6 30. Rd2 Kf7 31. Kf2 h6 32. g3 g5 33. Rd1 Rec8 34.
Rd2 b5 35. Rd6 Rxd6 36. Bxd6 Bc4 37. Ke1 Ke6 38. Be5 Kd5 39. Kd2 Bd3 40. Bg7
Rc6 41. Bf8 Rg6 42. Be7 gxf4 43. gxf4 Rg2+ 44. Kc1 Rxh2 45. Rg3 Kc4 46. Rg6 e3
0-1

[Event "GBR-ch 91st"]
[Site "Scarborough"]
[Date "2004.08.05"]
[Round "4.26"]
[White "Briscoe, Christopher"]
[Black "Spence, David J"]
[Result "1-0"]
[WhiteElo "2157"]
[BlackElo "2236"]
[PlyCount "45"]
[EventDate "2004.08.02"]
[EventType "swiss"]
[EventRounds "11"]
[EventCountry "GBR"]

1. e4 e6 2. d4 d5 3. exd5 exd5 4. c4 Bb4+ 5. Nc3 Ne7 6. Nf3 Nbc6 7. a3 Bxc3+ 8.
bxc3 Bg4 9. a4 O-O 10. Bd3 Qd7 11. O-O Rfe8 12. h3 Bf5 13. Bf4 Na5 14. Ne5 Qc8
15. cxd5 Nxd5 16. Bg3 f6 17. Qf3 Ne7 18. Nc4 Nxc4 19. Bxc4+ Kf8 20. Rfe1 b6 21.
Bh4 g5 22. Qh5 Ng6 23. Qh6# 1-0

[Event "GBR-ch 91st"]
[Site "Scarborough"]
[Date "2004.08.05"]
[Round "4.27"]
[White "Smith, Graham"]
[Black "Ledger, David J"]
[Result "0-1"]
[WhiteElo "2157"]
[BlackElo "2285"]
[PlyCount "82"]
[EventDate "2004.08.02"]
[EventType "swiss"]
[EventRounds "11"]
[EventCountry "GBR"]

1. e4 e5 2. Nf3 Nc6 3. Bb5 Nf6 4. O-O Bc5 5. c3 O-O 6. d4 Bb6 7. Re1 d6 8. Bg5
h6 9. Bh4 exd4 10. Nxd4 Nxd4 11. cxd4 g5 12. Bg3 c6 13. Ba4 Nxe4 14. Rxe4 f5
15. Qh5 Kg7 16. Re2 f4 17. Nc3 fxg3 18. hxg3 d5 19. Rae1 Qf6 20. Re7+ Rf7 21.
Re8 Qxd4 22. Bd1 Bd7 23. R8e7 Raf8 24. R1e3 Qf6 25. Rxf7+ Qxf7 26. Qe2 Bxe3 27.
Qxe3 Re8 28. Qxa7 Re1+ 29. Kh2 Rxd1 30. Nxd1 Qh5+ 31. Kg1 Qxd1+ 32. Kh2 Qh5+
33. Kg1 Bc8 34. Qd4+ Kh7 35. Qe5 Qf7 36. f4 gxf4 37. gxf4 Qg7 38. Qe2 Bf5 39.
Kh2 Be4 40. g3 Qd4 41. g4 Qd3 0-1

[Event "GBR-ch 91st"]
[Site "Scarborough"]
[Date "2004.08.05"]
[Round "4.28"]
[White "Surtees, Michael"]
[Black "Kafka, Graeme"]
[Result "1-0"]
[WhiteElo "2239"]
[BlackElo "2143"]
[PlyCount "51"]
[EventDate "2004.08.02"]
[EventType "swiss"]
[EventRounds "11"]
[EventCountry "GBR"]

1. e4 c5 2. c3 d5 3. f3 e6 4. d3 Nc6 5. Nh3 Bd6 6. g3 Nge7 7. Bg2 b5 8. O-O Qb6
9. Kh1 O-O 10. f4 f6 11. Nd2 d4 12. c4 Ba6 13. e5 fxe5 14. Ng5 exf4 15. Nde4 f3
16. Rxf3 Ne5 17. Rxf8+ Rxf8 18. Qh5 h6 19. Nxe6 Rf7 20. Nxg7 Bc7 21. Ne8 Bb7
22. Bxh6 Nxd3 23. Qg5+ Ng6 24. N8f6+ Kh8 25. Qxg6 Nf2+ 26. Kg1 1-0

[Event "GBR-ch 91st"]
[Site "Scarborough"]
[Date "2004.08.05"]
[Round "4.29"]
[White "Ledger, Stephen C"]
[Black "Almond, Philip"]
[Result "0-1"]
[WhiteElo "2203"]
[BlackElo "2131"]
[PlyCount "80"]
[EventDate "2004.08.02"]
[EventType "swiss"]
[EventRounds "11"]
[EventCountry "GBR"]

1. d4 Nf6 2. Nf3 e6 3. Bf4 b6 4. e3 Bb7 5. Be2 Be7 6. h3 O-O 7. O-O d6 8. c3
Nbd7 9. Nbd2 Re8 10. a4 Bf8 11. Nc4 Ne4 12. Qc2 f5 13. Bh2 Ndf6 14. a5 Qd7 15.
Ne1 b5 16. Na3 a6 17. Nd3 c5 18. f3 c4 19. Nb4 Ng5 20. Qd2 h6 21. Nac2 Be7 22.
Qe1 Bd8 23. Qg3 Bc7 24. Ra3 Rac8 25. Qf2 Nf7 26. Rd1 Kh8 27. Ne1 Rg8 28. Ra2 g5
29. g4 Rg7 30. Ng2 Rcg8 31. Kf1 h5 32. Nc2 hxg4 33. hxg4 fxg4 34. fxg4 Ne4 35.
Qg1 Rf8 36. Ke1 Nh6 37. Rc1 Rgf7 38. Kd1 Rf2 39. Nce1 Nxg4 40. Bxg4 Rd2# 0-1

[Event "GBR-ch 91st"]
[Site "Scarborough"]
[Date "2004.08.05"]
[Round "4.30"]
[White "Hempson, Peter"]
[Black "Pym, Thomas"]
[Result "1/2-1/2"]
[WhiteElo "2172"]
[BlackElo "2059"]
[PlyCount "69"]
[EventDate "2004.08.02"]
[EventType "swiss"]
[EventRounds "11"]
[EventCountry "GBR"]

1. d4 Nf6 2. c4 c5 3. dxc5 Na6 4. Nf3 Nxc5 5. Nc3 g6 6. g3 b6 7. Bg2 Bb7 8. O-O
Bg7 9. Bf4 O-O 10. Rc1 d6 11. b4 Ne6 12. Be3 Ng4 13. Bd2 Rc8 14. Nd5 b5 15. h3
bxc4 16. Nxe7+ Qxe7 17. hxg4 c3 18. Be3 Rc4 19. Qa4 d5 20. a3 d4 21. Qb5 Rfc8
22. Bf4 Nxf4 23. gxf4 Qxe2 24. Qxb7 d3 25. Rce1 Qb2 26. Qd7 d2 27. Re8+ Rxe8
28. Qxe8+ Bf8 29. Ne5 Rc7 30. Nd7 Rxd7 31. Qxd7 Qc1 32. Bd5 Qxf1+ 33. Kxf1
d1=Q+ 34. Kg2 Kh8 35. Qxf7 1/2-1/2

[Event "GBR-ch 91st"]
[Site "Scarborough"]
[Date "2004.08.05"]
[Round "4.31"]
[White "Clarke, Thomas"]
[Black "Bryant, Richard"]
[Result "0-1"]
[WhiteElo "2132"]
[BlackElo "1872"]
[PlyCount "70"]
[EventDate "2004.08.02"]
[EventType "swiss"]
[EventRounds "11"]
[EventCountry "GBR"]

1. d4 d5 2. Bg5 h6 3. Bh4 c6 4. Nf3 Qb6 5. Qc1 Bf5 6. e3 e6 7. c4 Be7 8. Bg3
Nf6 9. Nc3 Nbd7 10. h3 Ne4 11. Nxe4 Bxe4 12. Nd2 Bg6 13. Be2 O-O 14. c5 Qd8 15.
O-O a5 16. f4 b6 17. cxb6 Qxb6 18. Nf3 c5 19. Be1 cxd4 20. exd4 Rfc8 21. Bc3
Be4 22. Qe3 Bd6 23. Rf2 Qd8 24. Raf1 Nf6 25. Ne5 Bh7 26. g4 Ne4 27. Rg2 f6 28.
Nf3 Kh8 29. g5 f5 30. gxh6 gxh6 31. Be1 Qc7 32. Bh4 Rg8 33. Rff2 Bxf4 34. Qxe4
dxe4 35. Bf6+ Rg7 0-1

[Event "GBR-ch 91st"]
[Site "Scarborough"]
[Date "2004.08.06"]
[Round "5.1"]
[White "Williams, Simon K"]
[Black "Ledger, Andrew J"]
[Result "1-0"]
[WhiteElo "2427"]
[BlackElo "2452"]
[PlyCount "57"]
[EventDate "2004.08.02"]
[EventType "swiss"]
[EventRounds "11"]
[EventCountry "GBR"]

1. d4 d5 2. c4 c6 3. Nc3 Nf6 4. Nf3 dxc4 5. a4 Bf5 6. Ne5 Nbd7 7. Nxc4 Qc7 8.
g3 e5 9. dxe5 Nxe5 10. Bf4 Nfd7 11. Bg2 f6 12. O-O Nc5 13. e4 Be6 14. Nxe5 fxe5
15. Qh5+ Bf7 16. Qxe5+ Qxe5 17. Bxe5 Bc4 18. Rfd1 Nd3 19. Bd4 Nxb2 20. Rdb1 Nd3
21. Rxb7 O-O-O 22. Rab1 Rxd4 23. Bh3+ Kd8 24. Nd5 Rxd5 25. exd5 Nxf2 26. Be6
Nh3+ 27. Bxh3 Bc5+ 28. Kh1 Bxd5+ 29. Bg2 1-0

[Event "GBR-ch 91st"]
[Site "Scarborough"]
[Date "2004.08.06"]
[Round "5.3"]
[White "Arakhamia-Grant, Ketevan"]
[Black "Hebden, Mark"]
[Result "1-0"]
[WhiteElo "2446"]
[BlackElo "2559"]
[PlyCount "99"]
[EventDate "2004.08.02"]
[EventType "swiss"]
[EventRounds "11"]
[EventCountry "GBR"]

1. e4 e5 2. Nf3 Nc6 3. Bb5 a6 4. Ba4 Nf6 5. O-O Be7 6. Re1 b5 7. Bb3 O-O 8. d4
Nxd4 9. Nxd4 exd4 10. e5 Ne8 11. Qxd4 Bb7 12. c4 bxc4 13. Qxc4 d5 14. exd6 Nxd6
15. Qg4 Bf6 16. Nc3 Re8 17. Bf4 Rb8 18. h3 Bc6 19. Qh5 Qd7 20. Qa5 Bb5 21. Nxb5
axb5 22. Qd2 Qf5 23. Bxd6 cxd6 24. Qxd6 Bxb2 25. Rad1 Be5 {(=)} 26. Qd5 g6 27.
Re3 Bc7 28. Qxf5 gxf5 29. Rd7 Rxe3 30. fxe3 Bb6 31. Rxf7 Bxe3+ 32. Kf1 Kh8 33.
Rxf5 Bh6 34. Ke2 b4 35. Rf7 Re8+ 36. Kf3 Rc8 37. Rb7 Rc3+ 38. Ke4 Bf8 39. Rf7
Bc5 40. Kd5 Bb6 41. Rb7 Bc5 42. Ke5 Bf8 43. Kf6 Rc8 44. Be6 Ra8 45. g4 Bc5 46.
h4 Bd4+ 47. Kf5 Rf8+ 48. Ke4 Bc3 49. Bf5 Re8+ 50. Kf3 1-0

[Event "GBR-ch 91st"]
[Site "Scarborough"]
[Date "2004.08.06"]
[Round "5.4"]
[White "Palliser, Richard"]
[Black "Motwani, Paul"]
[Result "1/2-1/2"]
[WhiteElo "2411"]
[BlackElo "2552"]
[PlyCount "75"]
[EventDate "2004.08.02"]
[EventType "swiss"]
[EventRounds "11"]
[EventCountry "GBR"]

1. d4 e6 2. c4 Nf6 3. Nf3 b6 4. a3 d5 5. Nc3 Be7 6. cxd5 exd5 7. Bf4 O-O 8. e3
c5 9. Ne5 Bb7 10. Bd3 Nbd7 11. Qf3 a6 12. O-O b5 13. Bf5 Nb6 14. Rad1 c4 15.
Qh3 Bc8 16. Nc6 Qe8 17. Nxe7+ Qxe7 18. f3 Bxf5 19. Qxf5 Qe6 20. Qxe6 fxe6 21.
Ra1 Na4 22. Rf2 Kf7 23. g4 Ra7 24. Re1 Rb7 25. h3 Nd7 26. Bd6 Rd8 27. e4 Nb8
28. Bxb8 Nxc3 {(=)} 29. bxc3 Rbxb8 30. exd5 Rxd5 31. Rfe2 Rb6 32. f4 a5 33. Re4
b4 34. axb4 axb4 35. cxb4 c3 36. Rc1 Rxb4 37. Rxc3 Rbxd4 38. Rxd4 1/2-1/2

[Event "GBR-ch 91st"]
[Site "Scarborough"]
[Date "2004.08.06"]
[Round "5.5"]
[White "Dearing, Eddie"]
[Black "Wells, Peter"]
[Result "0-1"]
[WhiteElo "2393"]
[BlackElo "2494"]
[PlyCount "76"]
[EventDate "2004.08.02"]
[EventType "swiss"]
[EventRounds "11"]
[EventCountry "GBR"]

1. Nf3 d5 2. d4 Nf6 3. c4 e6 4. g3 dxc4 5. Bg2 a6 6. O-O Nc6 7. Nc3 Rb8 8. e4
Be7 9. d5 Nb4 10. Ne5 exd5 11. exd5 Bf5 12. a3 Nd3 13. Nxc4 Nxc1 14. Rxc1 O-O
15. b4 Ne8 16. Qf3 g6 17. Ne3 Bd7 18. Ne4 Nd6 19. Nc5 Bb5 20. Rfe1 b6 21. Nb3
Bf6 22. Ng4 Bg7 23. Qf4 h5 24. Ne5 Re8 25. Nf3 Rxe1+ 26. Nxe1 Kh7 27. Qf3 Qd7
28. Bf1 Re8 29. Bd3 Kg8 30. Nc2 Nc4 31. Qf4 Qxd5 32. Ncd4 Nd6 33. Bb1 Bc4 34.
Bc2 Bxd4 35. Nxd4 Ba2 36. Nf3 Bc4 37. Ng5 b5 38. g4 Qe5 {The game score has
one more move but it is not consistent with what has gone before.} 0-1

[Event "GBR-ch 91st"]
[Site "Scarborough"]
[Date "2004.08.06"]
[Round "5.6"]
[White "Summerscale, Aaron"]
[Black "Hanley, Craig A"]
[Result "1/2-1/2"]
[WhiteElo "2493"]
[BlackElo "2356"]
[PlyCount "83"]
[EventDate "2004.08.02"]
[EventType "swiss"]
[EventRounds "11"]
[EventCountry "GBR"]

1. Nf3 Nf6 2. c4 g6 3. Nc3 Bg7 4. e4 d6 5. d4 O-O 6. Be2 e5 7. O-O Na6 8. Qc2
exd4 9. Nxd4 Re8 10. Be3 Nb4 11. Qd2 Nxe4 12. Nxe4 Rxe4 13. Bf3 Rxd4 14. Bxd4
Bxd4 15. Qxb4 a5 16. Qd2 Qf6 17. Rad1 Be5 18. c5 Kg7 19. Rfe1 Ra6 20. cxd6 cxd6
21. Re2 h5 22. Bd5 Bg4 23. f3 Bd7 24. Qe3 Bc6 25. b3 Bxd5 26. Rxd5 Rc6 27. g3
h4 28. f4 Bb2 29. Kg2 b6 30. Qd2 Ba3 31. Qd4 hxg3 32. hxg3 Rc1 33. Qxf6+ Kxf6
34. Kf3 Bc5 35. Kg4 Rc3 36. Red2 Re3 37. R5d3 Re1 38. a4 Re4 39. Kf3 Re1 40.
Re2 Rb1 41. g4 g5 42. f5 1/2-1/2

[Event "GBR-ch 91st"]
[Site "Scarborough"]
[Date "2004.08.06"]
[Round "5.7"]
[White "Quinn, Mark"]
[Black "Ward, Chris"]
[Result "0-1"]
[WhiteElo "2406"]
[BlackElo "2490"]
[PlyCount "128"]
[EventDate "2004.08.02"]
[EventType "swiss"]
[EventRounds "11"]
[EventCountry "GBR"]

1. d4 e6 2. c4 Nf6 3. Nf3 c5 4. d5 b5 5. Bg5 bxc4 6. Nc3 d6 7. e4 e5 8. Nd2 Be7
9. Nxc4 O-O 10. Bxf6 Bxf6 11. h4 Be7 12. Bd3 Nd7 13. Qe2 Nb6 14. Ne3 Rb8 15. g3
c4 16. Bc2 Nd7 17. Rb1 Nc5 18. Nxc4 a5 19. b3 Ba6 20. O-O Qc7 21. Nd1 a4 22.
Nde3 axb3 23. axb3 Rb4 24. Qd2 Rfb8 25. Qc3 g6 26. Ra1 Bxc4 27. bxc4 Bf8 28. h5
Qe7 29. hxg6 hxg6 30. Kg2 Bh6 31. Ng4 Qg5 32. Nxh6+ Qxh6 33. Rh1 Qg5 34. Rh4
Rb2 35. Rah1 Qf6 36. Rf1 Ra2 37. Ra1 Rbb2 38. Rxa2 Rxa2 39. Qb4 Qxf2+ 40. Kxf2
Nd3+ 41. Ke3 Nxb4 42. Bd1 Ra3+ 43. Kf2 Nd3+ 44. Kg2 Ra2+ 45. Kf3 Ne1+ 46. Kg4
Rd2 47. Bb3 Rd4 48. Rh1 Rxe4+ 49. Kh3 Nd3 50. Ra1 Nc5 51. Ra8+ Kg7 52. Ba2 Re2
53. Kg4 f5+ 54. Kf3 Rb2 55. g4 Kf6 56. gxf5 gxf5 57. Rf8+ Ke7 58. Ra8 Nd3 59.
Ra7+ Kf6 60. Ke3 Nb4 61. Rd7 f4+ 62. Ke4 Re2+ 63. Kf3 Rxa2 64. Rxd6+ Kf5 0-1

[Event "GBR-ch 91st"]
[Site "Scarborough"]
[Date "2004.08.06"]
[Round "5.8"]
[White "Gormally, Daniel W"]
[Black "Gordon, Stephen"]
[Result "1-0"]
[WhiteElo "2479"]
[BlackElo "2338"]
[PlyCount "79"]
[EventDate "2004.08.02"]
[EventType "swiss"]
[EventRounds "11"]
[EventCountry "GBR"]

1. e4 c5 2. Nf3 Nc6 3. Bb5 g6 4. Bxc6 dxc6 5. d3 Bg7 6. h3 Nf6 7. Nc3 Nd7 8.
Be3 e5 9. Qd2 Qe7 10. Bh6 f6 11. Bxg7 Qxg7 12. a3 Qe7 13. Ne2 a5 14. Nh2 Nf8
15. f4 exf4 16. Qxf4 Ne6 17. Qe3 Ng7 18. Nf3 O-O 19. O-O Bd7 20. Rf2 Rae8 21.
Raf1 Bc8 22. Qd2 a4 23. Qc3 b5 24. Nd2 f5 25. exf5 Rxf5 26. Ne4 Ref8 27. Qxc5
Rxc5 28. Rxf8+ Qxf8 29. Rxf8+ Kxf8 30. Nxc5 Ke7 31. Nd4 Kd6 32. Ne4+ Kd5 33.
Nf3 Nf5 34. Kf2 h6 35. g4 Ng7 36. c4+ bxc4 37. Nc3+ Kd6 38. dxc4 Be6 39. Nd2 h5
40. Kg3 1-0

[Event "GBR-ch 91st"]
[Site "Scarborough"]
[Date "2004.08.06"]
[Round "5.9"]
[White "Gwaze, Robert"]
[Black "Greet, Andrew"]
[Result "0-1"]
[WhiteElo "2376"]
[BlackElo "2310"]
[PlyCount "126"]
[EventDate "2004.08.02"]
[EventType "swiss"]
[EventRounds "11"]
[EventCountry "GBR"]

1. e4 e6 2. d4 d5 3. e5 c5 4. c3 Nc6 5. Nf3 Bd7 6. Be2 Nge7 7. O-O Rc8 8. dxc5
Ng6 9. Be3 Ncxe5 10. Nxe5 Nxe5 11. b4 Be7 12. f4 Nc6 13. Nd2 Bf6 14. Rc1 d4 15.
Bf2 dxc3 16. Ne4 Nxb4 17. Nd6+ Ke7 18. Nxc8+ Bxc8 19. Qb3 Qa5 20. a3 Nc6 21.
Rfd1 Rd8 22. Rxd8 Qxd8 23. Rd1 Qc7 24. Qc4 Bd7 25. Bf3 Na5 26. Qb4 Bc6 27. Bxc6
Nxc6 28. Qe4 g6 29. Be3 Qa5 30. Rb1 Qc7 31. Qd3 Kf8 32. Kf2 Kg7 33. Qe4 Qd7 34.
Ke2 h5 35. Qd3 Qc8 36. h3 Ne7 37. Bd4 Nd5 38. Bxf6+ Kxf6 39. Qd4+ Ke7 40. Qe5
b6 41. Qd6+ Ke8 42. Kf2 Qxc5+ 43. Qxc5 bxc5 44. Kf3 Kd7 45. g3 Kc6 46. g4 f5
47. gxh5 gxh5 48. h4 c4 49. Kg3 Kc5 50. Kf3 a6 51. Re1 Kb5 52. Ke2 Nxf4+ 53.
Kd1 Kc5 54. Kc2 Kd4 55. Rg1 Nd5 56. Rg5 f4 57. Rxh5 f3 58. Rh8 f2 59. Rf8 f1=Q
60. Rxf1 Ne3+ 61. Kc1 Nxf1 62. h5 Ng3 63. h6 Ne2+ 0-1

[Event "GBR-ch 91st"]
[Site "Scarborough"]
[Date "2004.08.06"]
[Round "5.10"]
[White "Westwood, Richard"]
[Black "Houska, Jovanka"]
[Result "0-1"]
[WhiteElo "2030"]
[BlackElo "2375"]
[PlyCount "118"]
[EventDate "2004.08.02"]
[EventType "swiss"]
[EventRounds "11"]
[EventCountry "GBR"]

1. d4 d5 2. Nf3 c6 3. Bf4 Bf5 4. e3 e6 5. c3 Qb6 6. Qb3 Nd7 7. Nbd2 h6 8. Be2
Ngf6 9. h3 Be7 10. O-O O-O 11. Ne5 Nxe5 12. Bxe5 Nd7 13. Bg3 c5 14. dxc5 Bxc5
15. Qxb6 Nxb6 16. Nb3 Be7 17. Nd4 Bg6 18. a4 Nc4 19. Bxc4 dxc4 20. a5 a6 21.
Bc7 Rac8 22. Bb6 e5 23. Nf3 f6 24. Rfd1 Bd3 25. b4 g5 26. Ra2 h5 27. Rad2 g4
28. hxg4 hxg4 29. Ne1 Bf5 30. f3 gxf3 31. gxf3 Kf7 32. e4 Rg8+ 33. Rg2 Bh3 34.
Rxg8 Rxg8+ 35. Kf2 Ke6 36. Rd5 f5 37. Bc5 fxe4 38. fxe4 Bh4+ 39. Ke2 Rg4 40.
Rd6+ Kf7 41. Be3 Rxe4 42. Nc2 Be7 43. Rb6 Bc8 44. Rh6 Kg7 45. Rb6 Rh4 46. Bg1
Rg4 47. Bf2 Bd8 48. Rd6 Bc7 49. Rd5 Be6 50. Rd2 Bf5 51. Ne3 Bd3+ 52. Kf3 Rg6
53. Nd5 Bd6 54. Bb6 e4+ 55. Ke3 Rg5 56. Bd4+ Kg6 57. Nf4+ Kf5 58. Ng2 Rg3+ 59.
Kf2 Rf3+ 0-1

[Event "GBR-ch 91st"]
[Site "Scarborough"]
[Date "2004.08.06"]
[Round "5.11"]
[White "Knott, Simon"]
[Black "Lyell, Mark"]
[Result "1-0"]
[WhiteElo "2359"]
[BlackElo "2217"]
[PlyCount "51"]
[EventDate "2004.08.02"]
[EventType "swiss"]
[EventRounds "11"]
[EventCountry "GBR"]

1. Nf3 f5 2. g3 Nf6 3. Bg2 g6 4. O-O Bg7 5. d4 O-O 6. c4 d6 7. Nc3 Qe8 8. d5 a5
9. Be3 Na6 10. Qd2 Bd7 11. Rad1 Nc5 12. Bxc5 dxc5 13. e4 e5 14. dxe6 Bxe6 15.
exf5 Bxf5 16. Rfe1 Qc8 17. Nd5 Nxd5 18. Qxd5+ Kh8 19. Ne5 Qe8 20. Qxc5 Rd8 21.
Qxf8+ Bxf8 22. Rxd8 Qa4 23. Rxf8+ Kg7 24. Rf7+ Kh6 25. h4 Qb4 26. Nf3 1-0

[Event "GBR-ch 91st"]
[Site "Scarborough"]
[Date "2004.08.06"]
[Round "5.12"]
[White "Emms, John"]
[Black "Adams, David M"]
[Result "1-0"]
[WhiteElo "2508"]
[BlackElo "2180"]
[PlyCount "85"]
[EventDate "2004.08.02"]
[EventType "swiss"]
[EventRounds "11"]
[EventCountry "GBR"]

1. e4 e5 2. Nf3 Nf6 3. Nxe5 d6 4. Nf3 Nxe4 5. d4 d5 6. Bd3 Nc6 7. O-O Be7 8. c4
Nf6 9. Nc3 Nb4 10. Be2 dxc4 11. Bxc4 c6 12. Ne5 O-O 13. Re1 Nbd5 14. Bg5 Be6
15. Qb3 Rb8 16. Rad1 Qd6 17. Bxf6 Bxf6 18. Ne4 Qe7 19. Nc5 Rfd8 20. Nxf7 Qxf7
21. Nxe6 Rd6 22. Nc5 Rdd8 23. Ne4 b5 24. Be2 a5 25. Bg4 a4 26. Qc2 Nb4 27. Qd2
c5 28. Nxc5 Rxd4 29. Qe2 Kh8 30. Nd7 Rd8 31. Nxf6 gxf6 32. Rxd4 Rxd4 33. Bh5
Qd7 34. Qf3 Nd5 35. g3 Kg7 36. Kg2 Rd2 37. Be8 Qa7 38. Bxb5 Qd4 39. Bc6 Nb4 40.
Re7+ Kg8 41. Rd7 Nd3 42. Rxd4 Ne1+ 43. Kf1 1-0

[Event "GBR-ch 91st"]
[Site "Scarborough"]
[Date "2004.08.06"]
[Round "5.13"]
[White "Bigg, Andrew J"]
[Black "Tan, Desmond"]
[Result "1/2-1/2"]
[WhiteElo "2275"]
[BlackElo "2335"]
[PlyCount "52"]
[EventDate "2004.08.02"]
[EventType "swiss"]
[EventRounds "11"]
[EventCountry "GBR"]

1. d4 Nf6 2. Bg5 e6 3. e4 h6 4. Bxf6 Qxf6 5. Nc3 Bb4 6. Qd3 d5 7. Nge2 dxe4 8.
Qxe4 O-O 9. a3 Ba5 10. f4 Bd7 11. O-O-O Bc6 12. Qe3 b5 13. Rg1 Nd7 14. g4 b4
15. axb4 Bxb4 16. g5 hxg5 17. Rxg5 Rfe8 18. Ng3 g6 19. Nh5 Qh8 20. Bc4 Kf8 21.
Ng3 Nb6 22. Bb5 Bxb5 23. Nxb5 Nd5 24. Qf3 a6 25. Na3 Bd6 26. Ne2 Qf6 1/2-1/2

[Event "GBR-ch 91st"]
[Site "Scarborough"]
[Date "2004.08.06"]
[Round "5.14"]
[White "Ashton, Adam"]
[Black "Mannion, Stephen"]
[Result "0-1"]
[WhiteElo "2270"]
[BlackElo "2333"]
[PlyCount "56"]
[EventDate "2004.08.02"]
[EventType "swiss"]
[EventRounds "11"]
[EventCountry "GBR"]

1. e4 e5 2. Nf3 Nc6 3. Bb5 a6 4. Ba4 Nf6 5. O-O Be7 6. Re1 b5 7. Bb3 d6 8. c3
O-O 9. h3 Na5 10. Bc2 c5 11. d4 Nd7 12. Nbd2 exd4 13. cxd4 Nc6 14. d5 Nce5 15.
Nxe5 Nxe5 16. f4 Ng6 17. Nf3 Bh4 18. Nxh4 Qxh4 19. f5 Ne5 20. Rf1 Re8 21. a4 b4
22. Bf4 a5 23. Bh2 Ba6 24. Rf4 Qf6 25. Qh5 b3 26. g4 bxc2 27. g5 Nf3+ 28. Rxf3
Qxb2 0-1

[Event "GBR-ch 91st"]
[Site "Scarborough"]
[Date "2004.08.06"]
[Round "5.15"]
[White "Taylor, Martin R"]
[Black "Rendle, Thomas"]
[Result "1/2-1/2"]
[WhiteElo "2331"]
[BlackElo "2258"]
[PlyCount "43"]
[EventDate "2004.08.02"]
[EventType "swiss"]
[EventRounds "11"]
[EventCountry "GBR"]

1. c4 f5 2. g3 Nf6 3. Bg2 d6 4. d4 g6 5. Nc3 Bg7 6. Nf3 O-O 7. O-O Nc6 8. b3 e5
9. dxe5 dxe5 10. Ba3 Re8 11. Qxd8 Rxd8 12. Rad1 Rxd1 13. Rxd1 e4 14. Ng5 h6 15.
Nh3 g5 16. f3 e3 17. Bc1 f4 18. gxf4 Bxh3 19. Bxh3 gxf4 20. Nb5 Ne8 21. Rd7 Be5
22. Be6+ 1/2-1/2